2025 Films by Actor and Actress - Statistics

General Stats
  • This quiz has been taken 23 times
  • The average score is 37 of 150
Answer Stats
Actors Actress Film % Correct
Michael B. Jordan Hailee Steinfeld Sinners
83%
Pedro Pascal Vanessa Kirby The Fantastic 4: First Steps
83%
Leonardo DiCaprio Chase Infiniti One Battle After Another
72%
David Corenswet Rachel Brosnahan Superman
72%
Sebastian Stan Florence Pugh Thunderbolts*
72%
Jack Black Emma Myers A Minecraft Movie
67%
Jesse Plemons Emma Stone Bugonia
67%
Oscar Isaac Mia Goth Frankenstein
67%
Adam Sandler Julie Bowen Happy Gilmore 2
67%
Liam Neeson Pamela Anderson The Naked Gun
67%
Josh Brolin Julia Garner Weapons
61%
Keanu Reeves Ana de Armas Ballerina
56%
Anthony Mackie Shira Haas Captain America: Brave New World
56%
Paul Mescal Jessie Buckley Hamnet
56%
Mason Thames Nico Parker How to Train Your Dragon
56%
Timothée Chalamet Gwyneth Paltrow Marty Supreme
56%
Robert Pattinson Naomi Ackie Mickey 17
56%
Daniel Craig Mila Kunis Wake Up Dead Man
56%
Jonathan Bailey Cynthia Erivo Wicked: For Good
56%
Sam Worthington Zoe Saldana Avatar: Fire and Ash
50%
Brad Pitt Kerry Condon F1
50%
Chris Pratt Millie Bobby Brown The Electric State
50%
Jared Leto Greta Lee TRON: Ares
50%
Jason Bateman Ginnifer Goodwin Zootopia 2
50%
Paul Rudd Jenna Ortega Death of a Unicorn
44%
Robert Pattinson Jennifer Lawrence Die My Love
44%
Callum Turner Elizabeth Olsen Eternity
44%
Josh Hutcherson Piper Rubio Five Nights at Freddy's 2
44%
Chris Evans Margaret Qualley Honey Don't
44%
Ken Jeong Arden Cho KPop Demon Hunters
44%
Jesse Eisenberg Rosamund Pike Now You See Me: Now You Don't
44%
Stellan Skarsgård Renate Reinsve Sentimental Value
44%
Dwayne Johnson Emily Blunt The Smashing Machine
44%
Ralph Fiennes Jodie Comer 28 Years Later
39%
Andrew Garfield Julia Roberts After the Hunt
39%
Mason Thames Madeleine McGraw Black Phone 2
39%
Jack Quaid Sophie Thatcher Companion
39%
Joaquin Phoenix Emma Stone Eddington
39%
Mahershala Ali Scarlett Johansson Jurassic World Rebirth
39%
Chris Evans Dakota Johnson Materialists
39%
Bob Odenkirk Connie Nielsen Nobody 2
39%
Jack Quaid Amber Midthunder Novocaine
39%
Dimitrius Schuster-Kolomatangi Elle Fanning Predator: Badlands
39%
Benedict Cumberbatch Olivia Colman The Roses
39%
Wagner Moura Tânia Maria The Secret Agent
39%
Dave Franco Alison Brie Together
39%
Joel Edgerton Felicity Jones Train Dreams
39%
Ice Cube Eva Longoria War of the Worlds
39%
Ethan Hawke Margaret Qualley Blue Moon
33%
Austin Butler Regina King Caught Stealing
33%
Manny Jacinto Lindsay Lohan Freakier Friday
33%
Conan O'Brien Rose Byrne If I Had Legs I'd Kick You
33%
George Clooney Laura Dern Jay Kelly
33%
Andrew Burnap Rachel Zegler Snow White
33%
Patrick Wilson Vera Farmiga The Conjuring: Last Rites
33%
Glen Powell Emilia Jones The Running Man
33%
Colin Farrell Margot Robbie A Big Bold Beautiful Journey
28%
Michael Fassbender Cate Blanchett Black Bag
28%
Teo Briones Kaitlyn Santa Juana Final Destination Bloodlines
28%
The Weeknd Jenna Ortega Hurry Up Tomorrow
28%
Tom Cruise Hayley Atwell Mission: Impossible - The Final Reckoning
28%
Lee Byung-hun Son Ye-jin No Other Choice
28%
John Malkovich Ayo Edebiri Opus
28%
Mason Thames Mckenna Grace Regretting You
28%
Brendan Fraser Mari Yamamoto Rental Family
28%
Channing Tatum Kirsten Dunst Roofman
28%
Louis Cancelmi Eva Victor Sorry, Baby
28%
Miles Teller Anya Taylor-Joy The Gorge
28%
Brandon Sklenar Sydney Sweeney The Housemaid
28%
Benicio del Toro Mia Threapleton The Phoenician Scheme
28%
Freddie Prinze Jr. Chase Sui Wonders I Know What You Did Last Summer
22%
Joshua David Neal Keke Palmer One of Them Days
22%
Cooper Hoffman Judy Greer The Long Walk
22%
Theo James Tatiana Maslany The Monkey
22%
Pierce Brosnan Helen Mirren The Thursday Murder Club
22%
D'Pharaoh Woon-A-Tai Amira Dutton Warfare
22%
Jamie Foxx Cameron Diaz Back in Action
17%
Chiwetel Ejiofor Renée Zellweger Bridget Jones: Mad About the Boy
17%
Billy Barratt Sally Hawkins Bring Her Back
17%
Ben Foster Sydney Sweeney Christy
17%
Brandon Sklenar Meghann Fahy Drop
17%
Yonas Kibreab Zoe Saldana Elio
17%
Keanu Reeves Keke Palmer Good Fortune
17%
Marlon Wayans Julia Fox HIM
17%
Will Arnett Laura Dern Is This Thing On?
17%
Logan Lerman Molly Gordon Oh, Hi!
17%
Jeremy Allen White Odessa Young Springsteen: Deliver Me from Nowhere
17%
Cillian Murphy Tracey Ullman Steve
17%
Sam Rockwell Awkwafina The Bad Guys 2
17%
Josh O'Connor Alana Haim The Mastermind
17%
Jason Statham Noemi Gonzalez A Working Man
11%
Ben Wang Sadie Stanley Karate Kid: Legends
11%
Zach Galifianakis Maia Kealoha Lilo & Stitch
11%
Brian Jordan Alvarez Allison Williams M3GAN 2.0
11%
Corey Mylchreest Sofia Carson My Oxford Year
11%
Kyle Marvin Dakota Johnson Splitsville
11%
Robert De Niro Debra Messing The Alto Knights
11%
Rami Malek Rachel Brosnahan The Amateur
11%
Dylan O'Brien Aisling Franciosi Twinless
11%
Christopher Abbott Julia Garner Wolf Man
11%
Idris Elba Rebecca Ferguson A House of Dynamite
6%
Tahar Rahim Mélissa Boros Alpha
6%
Michele Morrone Anna Kendrick Another Simple Favor
6%
Colin Farrell Tilda Swinton Ballad of a Small Player
6%
Jack Lowden Emma Mackey Ella McCay
6%
John Krasinski Natalie Portman Fountain of Youth
6%
John Cena Priyanka Chopra Heads of State
6%
Denzel Washington Ilfenesh Hadera Highest 2 Lowest
6%
Dave Bautista Milla Jovovich In the Lost Lands
6%
Ke Huy Quan Ariana DeBose Love Hurts
6%
Matthew Broome Asha Banks My Fault: London
6%
Han Mo Lu Yanting Ne Zha 2
6%
Zack Gottsagen Vanessa Kirby Night Always Comes
6%
Vince Vaughn Susan Sarandon Nonnas
6%
Guillaume Marbeck Zoey Deutch Nouvelle Vague
6%
James Corden Rihanna Smurfs
6%
Ben Affleck Cynthia Addai-Robinson The Accountant 2
6%
Paul Mescal Molly Price The History of Sound
6%
Kyle Allen Sofia Carson The Life List
6%
Matthew McConaughey America Ferrera The Lost Bus
6%
KJ Apa Madelyn Cline The Map That Leads to You
6%
Jonah Hauer-King Zoey Deutch The Threesome
6%
Guy Pearce Keira Knightley The Woman in Cabin 10
6%
Pierson Fodé Miranda Cosgrove The Wrong Paris
6%
Peter Stormare Ella Rubin Until Dawn
6%
Will Ferrell Reese Witherspoon You're Cordially Invited
6%
Orlando Bloom Bryce Dallas Howard Deep Cover
0%
Gerard Butler Evin Ahmad Den of Thieves 2: Pantera
0%
Hugh Bonneville Michelle Dockery Downton Abbey: The Grand Finale
0%
Caleb Landry Jones Zoe Bleu Sidel Dracula
0%
Domhnall Gleeson Julianne Moore Echo Valley
0%
Chris Klein India Fowler Fear Street: Prom Queen
0%
Mark Wahlberg Michelle Dockery Flight Risk
0%
Anthony Anderson Viola Davis G20
0%
Tom Hardy Jessie Mei Li Havoc
0%
Gael Garcia Bernal Nicole Kidman Holland
0%
Rossif Sutherland Tatiana Maslany Keeper
0%
Will Forte Amy Schumer Kinda Pregnant
0%
Woody Harrelson MyAnna Buring Last Breath
0%
Théodore Pellerin Havana Rose Liu Lurker
0%
Steve Carell Hadley Robinson Mountainhead
0%
Russell Crowe Lotte Verbeek Nuremberg
0%
Denis Leary Michelle Pfeiffer Oh. What. Fun.
0%
Kevin James Sarah Chalke Playdate
0%
Mark Wahlberg Rosa Salazar Play Dirty
0%
Rockmond Dunbar Taraji P. Henson STRAW
0%
Willem Dafoe Helena Zengel The Legend of Ochi
0%
Matthias Schoenaerts Charlize Theron The Old Guard 2
0%
Brian Cox Lisa Kudrow The Parenting
0%
Isac Calmroth Lea Myren The Ugly Stepsister
0%
No matching quizzes found
Score Distribution
Percent of People with Each Score
Percentile by Number Answered
Your Score History
You have not taken this quiz